| 000 | 00688nam a2200205 a 4500 | ||
|---|---|---|---|
| 001 | 4757 | ||
| 003 | CDMR | ||
| 005 | 20131014174150.0 | ||
| 008 | 130130s1990||||||||||||||||||||||||||||d | ||
| 020 | _a8486947189 | ||
| 040 |
_aCDMR _bcat _cCPC GIRONA |
||
| 245 | 0 |
_aHistoria del periodismo en Aragón _c[directores-coordinadores de la edición Juan Antonio Dueñas Labarias, Alberto Serrano Dolader] |
|
| 260 |
_c1990 _bDiputación de Zaragoza _aZaragoza |
||
| 300 |
_a221 p. _bil. _c30 cm |
||
| 650 | 0 | 4 |
_92512 _aPeriodisme _xHistòria _zAragó |
| 650 | 0 | 4 |
_93401 _aPremsa _zAragó |
| 700 | 1 |
_94006 _aDueñas Labarias, Juan Antonio |
|
| 700 | 1 |
_94007 _aSerrano Dolader, Alberto |
|
| 942 |
_cMON _2udc |
||
| 999 |
_c4757 _d4757 |
||